|
|
|
|
| LEADER |
00000nam0a2200000 4500 |
| 001 |
63500 |
| 005 |
20231101212052.0 |
| 035 |
|
|
|a (RuTPU)RU\TPU\book\67391
|
| 090 |
|
|
|a 63500
|
| 100 |
|
|
|a 20040513d1977 m y0rusy50 ca
|
| 101 |
0 |
|
|a rus
|
| 102 |
|
|
|a RU
|
| 105 |
|
|
|a a j 001zy
|
| 200 |
1 |
|
|a Организация геологоразведочных работ
|e учебное пособие
|f Ю. М. Арский
|g Ленинградский горный институт им. Г. В. Плеханова
|
| 210 |
|
|
|a Ленинград
|c Изд-во Ленинградского горного института
|d 1977
|
| 215 |
|
|
|a 81 с.
|c ил.
|
| 320 |
|
|
|a Библиогр.: с. 80.
|
| 606 |
|
|
|a Геологоразведочные работы
|x Организация производства
|2 stltpush
|3 (RuTPU)RU\TPU\subj\6141
|9 34097
|
| 610 |
1 |
|
|a учебники
|
| 610 |
1 |
|
|a организация
|
| 610 |
1 |
|
|a нормирование труда
|
| 610 |
1 |
|
|a организация труда
|
| 675 |
|
|
|a 550.8.02:658(075.8)
|v 3
|
| 700 |
|
1 |
|a Арский
|b Ю. М.
|g Юрий Михайлович
|
| 712 |
0 |
2 |
|a Ленинградский горный институт им. Г. В. Плеханова
|2 stltpush
|3 (RuTPU)RU\TPU\col\1021
|
| 801 |
|
1 |
|a RU
|b 63413507
|c 20040513
|g PSBO
|
| 801 |
|
2 |
|a RU
|b 63413507
|c 20180117
|g PSBO
|
| 900 |
|
|
|a Экономика и организация геологоразведочных работ
|
| 900 |
|
|
|a Технология и техника геологоразведочных работ
|
| 942 |
|
|
|c BK
|